000 00523nam a22002057a 4500
003 AM-YEHGA
005 20250617160405.0
008 201012s1997 it a|||| |||| 00| 0 ger d
040 _aAM-YeHGA
041 0 _ager
100 1 _aCasazza, Ornella
245 1 0 _aMasaccio und die Brancacci-Kapelle /
_cOrnella Casazza.
260 _aMilan :
_bScala,
_c1997.
300 _a79 p. :
_bill.
440 0 _aDie grossen Meister der Kunst
600 1 4 _aMasaccio
650 1 4 _aPainting
942 _2udc
_cBK
090 _c455389
999 _c452434
_d452434